KPOP Groups Extreme - Statistics

General Stats
  • This quiz has been taken 85 times
    7 since last reset
  • The average score is 212 of 325
Answer Stats
Answer % Correct
Aespa
100%
ASTRO
100%
B.I.G
100%
BIGBANG
100%
BLACKPINK
100%
BTS
100%
CORTIS
100%
Dreamcatcher
100%
ENHYPEN
100%
EXO
100%
Girls' Generation
100%
ILLIT
100%
ITZY
100%
IVE
100%
izna
100%
IZ*ONE
100%
KiiiKiii
100%
LE SSERAFIM
100%
MOMOLAND
100%
NewJeans
100%
Purple Kiss
100%
Red Velvet
100%
Stray Kids
100%
TREASURE
100%
TWICE
100%
TXT
100%
Wonder Girls
100%
ZEROBASEONE
100%
2AM
80%
2NE1
80%
2PM
80%
AB6IX
80%
ALLDAY PROJECT
80%
ALPHA DRIVE ONE
80%
AMPERS&ONE
80%
API
80%
aPink
80%
ATEEZ
80%
BABYMONSTER
80%
Black Swan
80%
BLITZERS
80%
BOYNEXTDOOR
80%
BTOB
80%
CLC
80%
DAY6
80%
DKB
80%
DreamNote
80%
DRIPPIN
80%
E'LAST
80%
Everglow
80%
EVNNE
80%
EXID
80%
FANTASY BOYS
80%
fromis_9
80%
f(x)
80%
GFRIEND
80%
GHOST9
80%
GOT7
80%
H1-KEY
80%
Hearts2Hearts
80%
I-DLE
80%
iKON
80%
JUSTB
80%
KARA
80%
K.A.R.D
80%
KickFlip
80%
KISS OF LIFE
80%
Ladies CODE
80%
LNGSHOT
80%
LOONA
80%
MAMAMOO
80%
MCND
80%
Mirae
80%
miss A
80%
Monsta X
80%
NATURE
80%
NCT 127
80%
NCT U
80%
NCT WISH
80%
NMIXX
80%
OH MY GIRL
80%
OMEGA X
80%
P1Harmony
80%
Pentagon
80%
PIXY
80%
RIIZE
80%
SEVENTEEN
80%
SHINee
80%
S.I.S
80%
Sistar
80%
STAYC
80%
SUPER JUNIOR
80%
SuperM
80%
THE BOYZ
80%
TVXQ!
80%
TWS
80%
UNCHILD
80%
UNIS
80%
VERIVERY
80%
Wanna One
80%
Weeekly
80%
WEi
80%
Weki Meki
80%
WHIB
80%
WJSN
80%
X:IN
80%
YOUNG POSSE
80%
ZE:A
80%
100%
60%
1TEAM
60%
1THE9
60%
24K
60%
2EYES
60%
2YOON
60%
3YE
60%
4MINUTE
60%
4TEN
60%
82MAJOR
60%
8TURN
60%
9MUSES
60%
A.C.E
60%
ADYA
60%
After School
60%
AHOF
60%
AIMERS
60%
AKMU
60%
ALICE
60%
ALL(H)OURS
60%
AOA
60%
April
60%
ARIAZ
60%
ARTMS
60%
ATBO
60%
AtHeart
60%
B1A4
60%
Baby DONT Cry
60%
Baby V.O.X.
60%
B.A.P
60%
BB GIRLS
60%
Berry Good
60%
BESTie
60%
BIGSTAR
60%
Billlie
60%
Block B
60%
BOL4
60%
BOYFRIEND
60%
Brown Eyed Girls
60%
BugAboo
60%
Busters
60%
BVNDIT
60%
Cherry Bullet
60%
CHI CHI
60%
ChocoLat
60%
CIGNATURE
60%
Ciipher
60%
CIX
60%
CLASS:y
60%
CNBLUE
60%
CRAVITY
60%
CRAXY
60%
Crayon POP
60%
D1CE
60%
DalShabet
60%
Davichi
60%
D.HOLIC
60%
DIA
60%
DKZ
60%
dodree
60%
ENOi
60%
Epik High
60%
EvoL
60%
FANATICS
60%
FAVORITE
60%
F.CUZ
60%
FIESTAR
60%
FIFTY FIFTY
60%
Fin.K.L
60%
FlaShe
60%
FTISLAND
60%
GANGKIZ
60%
Girl's Day
60%
GLAM
60%
g.o.d
60%
Golden Child
60%
GOT the beat
60%
G-reyish
60%
Gugudan
60%
GWSN
60%
Hello Venus
60%
Highlight
60%
HINAPIA
60%
History
60%
H.O.T.
60%
HOT ISSUE
60%
HOTSHOT
60%
ICHILLIN'
60%
idntt
60%
ifeye
60%
ILY:1
60%
INFINITE
60%
I.O.I
60%
JEWELRY
60%
JQT
60%
Kep1er
60%
KingDom
60%
KNK
60%
LABOUM
60%
LAPILLUS
60%
LIGHTSUM
60%
LIMELIGHT
60%
Loossemble
60%
Lovelyz
60%
LUMINOUS
60%
LUNARSOLAR
60%
MADEIN
60%
MATILDA
60%
MBLAQ
60%
MEOVV
60%
mimiirose
60%
MYNAME
60%
NCT DREAM
60%
NeonPunch
60%
NEWBEAT
60%
NEXZ
60%
N.Flying
60%
NINE.i
60%
NU'EST
60%
ONE PACT
60%
ONEUS
60%
ONEWE
60%
ONF
60%
OnlyOneOf
60%
Papaya
60%
PinkFantasy
60%
POW
60%
PRIMROSE
60%
Pristin
60%
PURPLEBECK
60%
Rainbow
60%
RESCENE
60%
Rocket Punch
60%
Rocking Doll
60%
Saturday
60%
SAY MY NAME
60%
Secret
60%
Secret Number
60%
Seo Taiji and Boys
60%
S.E.S
60%
SF9
60%
Shinhwa
60%
Sonamoo
60%
SPICA
60%
SS501
60%
Stellar
60%
Sugar
60%
TAHITI
60%
TAN
60%
T-ara
60%
TEEN TOP
60%
TEMPEST
60%
The Rose
60%
TINY-G
60%
TIOT
60%
TNX
60%
TO1
60%
TOZ
60%
TRENDZ
60%
TRI.BE
60%
tripleS
60%
Two X
60%
U-KISS
60%
UNI.T
60%
UP10TION
60%
VANNER
60%
VAV
60%
Victon
60%
VIVIZ
60%
VIXX
60%
WA$$UP
60%
WINNER
60%
Woo!ah!
60%
Xdinary Heroes
60%
xikers
60%
YOUNITE
60%
A-Daily
40%
AQUA
40%
BADVILLAIN
40%
Blady
40%
BONUS baby
40%
BZ-Boys
40%
Click-B
40%
CLOSE YOUR EYES
40%
CocoSori
40%
EPEX
40%
F-ve Dolls
40%
haShtag
40%
ICIA
40%
LIPBUBBLE
40%
Maywish
40%
M.I.B
40%
NRG
40%
Playback
40%
Queendom
40%
Queenz Eye
40%
REDSQUARE
40%
RGP
40%
Rolling Quartz
40%
SECHSKIES
40%
SHEZ
40%
The Wind
40%
TUNEXX
40%
WANNA.B
40%
Xeno-T
40%
C-REAL
20%
Dazzling RED
20%
Dia Girls
20%
MyB
20%
New.F.O
20%
NouerA
20%
N*White
20%
SOL-T
20%
VNT
20%
wave to earth
20%
WeGirls
20%
WE IN THE ZONE
20%
No matching quizzes found
Score Distribution
Percent of People with Each Score
Percentile by Number Answered
Your Score History
You have not taken this quiz since the last reset